Elements of dynamic oceanography
Saved in:
| Hovedforfatter: | |
|---|---|
| Format: | Bog |
| Sprog: | engelsk |
| Udgivet: |
Boston
Allen and Unwin
1985
|
| Fag: | |
| Tags: |
Tilføj Tag
Ingen Tags, Vær først til at tagge denne postø!
|
MARC
| LEADER | 00000nam a2200000 a 4500 | ||
|---|---|---|---|
| 001 | UCV5225 | ||
| 003 | CL-VaPUC | ||
| 008 | 920923e19850000US |||||||||||||||||eng|d | ||
| 082 | 0 | 4 | |a 551.47 |b TOL |2 21 |
| 100 | 0 | |a Tolmazin, David |e author |9 299539 | |
| 245 | 1 | 0 | |a Elements of dynamic oceanography |
| 300 | |a 181 p | ||
| 942 | |c BK | ||
| 945 | |d 19920923 00:00:00 | ||
| 260 | |a Boston |b Allen and Unwin |c 1985 | ||
| 650 | 0 | |a Oceanografía |9 260014 | |
| 650 | 7 | |a CIRCULACION OCEANICA |2 CL-VaPUC |9 261371 | |
| 650 | 7 | |a CORRIENTES MARITIMAS |2 CL-VaPUC |9 261164 | |
| 650 | 0 | |a Olas |9 261446 | |
| 583 | |a last modification |c 20120511 09:00:27 |k Rodrigo Vera | ||
| 999 | |c 211807 |d 211805 | ||
| 952 | |0 0 |1 0 |2 ddc |4 0 |6 551_470000000000000_TOL_1985 |7 0 |8 A |9 191735 |a BIBCUR |b BIBCUR |d 2019-11-14 |i 2592681 |o 551.47 TOL 1985 |p 2592681 |r 2025-04-22 |w 2019-11-14 |y BK |k CIM | ||